Welcome to the Holygrace Academy Library

Please use search bar below to get started

CHICKEN SOUP FOR THE TEENAGE SOUL LETTERS (Record no. 19)

MARC details
000 -LEADER
fixed length control field 00398nam a22001337a 4500
020 ## - INTERNATIONAL STANDARD BOOK NUMBER
ISBN 1-55874-805-9
082 ## - DEWEY DECIMAL CLASSIFICATION NUMBER
Classification number 823
Item number CAN/C
100 ## - MAIN ENTRY--AUTHOR NAME
Personal name JACK CANFIELD, MARK VICTOR HANSEN, KIMBERLY KIRBERGER
245 ## - TITLE STATEMENT
Title CHICKEN SOUP FOR THE TEENAGE SOUL LETTERS
260 ## - PUBLICATION, DISTRIBUTION, ETC. (IMPRINT)
Place of publication UNITED STATES
Name of publisher HEALTH COMMUNICATIONS
Year of publication 2001
300 ## - PHYSICAL DESCRIPTION
Number of Pages 325
650 ## - SUBJECT ADDED ENTRY--TOPICAL TERM
Topical Term LETTERS OF LIFE ,LOVE AND LEARNING
Geographic subdivision UNITED STATES
942 ## - ADDED ENTRY ELEMENTS (KOHA)
Koha item type Books
Holdings
Withdrawn status Lost status Collection code Home library Current library Shelving location Date acquired Full call number Accession Number Koha item type
    Fiction Main Library Main Library SHELF-12B-CHICKEN SOUP,ROALD DAH 24/07/2012 823 CAN/C 06094 Books